| 000 | 01411nam2a2200325 4500 | ||
|---|---|---|---|
| 001 | RU\NLR\bibl\1310341 | ||
| 005 | 20250615153839.0 | ||
| 010 |
_a978-5-486-023662-0 _bт. 10 _911000 |
||
| 021 |
_aRU _b2008-86941 _95075 |
||
| 035 | _a(NLR Aleph) 001295804 | ||
| 090 |
_a587877 _c587877 |
||
| 100 | _a20081219d2008 |||y0rusy50 ca | ||
| 101 | 0 |
_arus _cfre |
|
| 102 | _aRU | ||
| 105 | _aa ||||||||| | ||
| 135 | _acrmn mmmancda | ||
| 200 | 0 |
_aЧ. 6 _f[пер. Н. Либерман _gкоммент. С. Валова] |
|
| 210 |
_d2008 _aБ. м. |
||
| 215 | _a302, [1] с. | ||
| 325 | _aКопия доступна в Электрон. б-ке РНБ | ||
| 461 | 0 |
_1001RU\NLR\bibl\1340692 _12001#$aВиконт де Бражелон, или Десять лет спустя$vЧ. 6 _9769263 _aДюма, А. (отец ; 1802-1870) _cМосква _d2008 _fА. Дюма _nМир книги _oроман _tВиконт де Бражелон, или Десять лет спустя _y978-5-486-02145-9 _vЧ. 6 |
|
| 801 | 0 |
_aRU _bNLR _c20081219 _gRCR |
|
| 801 | 1 |
_aRU _bNLR _c20081219 |
|
| 942 | _cBOOK | ||
| 980 | _aNB | ||
| 981 | 3 | 3 |
_a(33) Художественная литература _b(33) Зарубежная литература |